000 00406nam a22001697a 4500
003 MPLRDC
005 20220104142749.0
008 210129b ||||| |||| 00| 0 eng d
020 _a983-99795-1-5
082 _a495.49 LQZ
100 _a林钦忠编著
245 _a簿记与会计
_c
260 _a
_bPERTH TRADING S/B
_c1995
300 _b
650 _a会计与簿记
942 _cBK
_o495.49 LQZ
999 _c33517
_d33507